000 00462nam a2200169Ia 4500
005 20260415160319.0
008 008 250505s9999 xx 000 0 eng d
037 _aTextual
040 _aFEDL
_beng
_cFEDL
041 _aeng
_2eng
084 _a040 MAN
_qFEDL
245 0 _aMan in society
260 _aWorcester, UK
_bLittlebury and Company Ltd.
_c1963
300 _a149p
942 _cTEXL
_h040 MAN
999 _c1321568
_d1321568